00457 a2200133 4500001001000000005001700010008004100027245007200068100003800140700003600178700002700214773006500241999001700306ART_1290520260410161909.0260409a 10aGestión estratégica del conocimiento y cuadro de mando integral1 aMartinez Garcia, Francisco Javier1 aRodríguez, Francisco Somohano1 aFernandez Laviada, Ana0 tCostos y gestióng- Año 13, Nº 53 (sep. 2004)wREV12786 c26666d26666